000 00353nam a2200145Ia 4500
008 230917s9999||||xx |||||||||||||| ||und||
040 _e105654
_aMAIN
041 _aEnglish
082 _a784.409 547 9 D44T
100 _aDeogaonkar, S G
245 0 _aTribal dance and songs
260 _aNew Delhi
_bConcept
_c2003
300 _a124p p.
942 _cBK
999 _c122642
_d122642